000 00942nam a2200265 a 4500
001 84073
003 BD-RjUL
005 20241003124107.0
008 241003s1970 stkaef b 100 0 eng
020 _a0050021265
035 _a(BD-RjUL)84073
040 _aDLC
_cDLC
_dDLC
_dICU
_dDLC
_dBD-RjUL
_beng
041 _aeng
082 0 0 _a537.16
_bPHY 1970
111 2 _aScottish Universities Summer School in Physics
_n(9th :
_d1968 :
_cNewbattle Abbey)
_913696
245 1 0 _aPhysics of hot plasmas:
_bScottish Universities' Summer School, 1968 /
_cedited by B. J. Rye and J. C. Taylor.
260 _aEdinburgh :
_bOliver & Boyd,
_c1970.
300 _axv, 455 p., 7 plates :
_billus.;
_c26 cm.
504 _aIncludes bibliographical references.
650 0 _aHigh temperature plasmas
_913697
700 1 _aRye, B. J.
_q(Barry John),
_eed.
_913698
700 1 _aTaylor, J. C.
_q(John Claude),
_eed.
_913699
942 _2ddc
_cBK
999 _c84073
_d84073